000 00365nam a2200133Ia 4500
005 20260326235438.0
008 260326s9999||||xx |||||||||||||| ||und||
100 _aMejía, Cecilia
245 0 _aManual de Preinventario Urbano y Arquitectónico /
_cCecilia Mejía
260 _bColcultura
300 _a63 p.
650 _aRESATURACIÓN Y CONSERVACIÓN
942 _cBK
999 _c7311
_d7311